[Event "4. Torneo Puente Foral - Open A"]
[Site "Pamplona ESP"]
[Date "2009.12.01"]
[Round "1.1"]
[White "Leranoz Zabalza, Adrian"]
[Black "Rebole Arbea, Jose Ignacio"]
[Result "1-0"]
[WhiteElo "2091"]
[BlackElo "2236"]
[PlyCount "73"]
[EventDate "2009.12.01"]
[EventType "swiss"]
[EventRounds "9"]
[EventCountry "ESP"]
[Source "lmi"]
[SourceDate "2009.12.01"]

1. e4 c5 2. Nf3 Nc6 3. d4 cxd4 4. Nxd4 e5 5. Nb5 d6 6. N1c3 a6 7. Na3 b5 8. Nd5
Nce7 9. c4 Nxd5 10. Qxd5 Be6 11. Qb7 Nf6 12. cxb5 d5 13. bxa6 Bxa3 14. Bb5+ Kf8
15. bxa3 Rb8 16. Qc6 Rc8 17. Bd2 Rxc6 18. Bxc6 g5 19. a7 Qb6 20. a8=Q+ Kg7 21.
Qb7 Qd4 22. Rd1 Qxe4+ 23. Be3 Qxg2 24. Rf1 Bh3 25. Kd2 Qe4 26. Rg1 h6 27. Ke1
Rd8 28. Qb4 Qf5 29. Qe7 Rc8 30. Bxd5 Nxd5 31. Rxd5 Qb1+ 32. Rd1 Qe4 33. Qb4 Rc4
34. Qd2 Rd4 35. Qe2 Rc4 36. Qd3 Qc6 37. Bxg5 1-0

[Event "4. Torneo Puente Foral - Open A"]
[Site "Pamplona ESP"]
[Date "2009.12.01"]
[Round "1.2"]
[White "Mundaca Alvarez, Juan Carlos"]
[Black "Corral Sierra, Javier"]
[Result "0-1"]
[WhiteElo "2157"]
[BlackElo "2072"]
[PlyCount "136"]
[EventDate "2009.12.01"]
[EventType "swiss"]
[EventRounds "9"]
[EventCountry "ESP"]
[Source "lmi"]
[SourceDate "2009.12.01"]

1. Nf3 Nf6 2. g3 b6 3. Bg2 Bb7 4. c4 c5 5. O-O g6 6. Nc3 Bg7 7. d3 O-O 8. Bg5
Nc6 9. Qd2 Nd4 10. e4 Nxf3+ 11. Bxf3 Ne8 12. Bg2 Nc7 13. Bh6 Ne6 14. Bxg7 Kxg7
15. f4 Nd4 16. Ne2 Nxe2+ 17. Qxe2 d6 18. f5 f6 19. h4 a6 20. Bh3 b5 21. b3 bxc4
22. bxc4 Rb8 23. fxg6 hxg6 24. h5 Rh8 25. Bg4 Qe8 26. hxg6 Qxg6 27. Kg2 Kf7 28.
Rh1 Qg5 29. Rh5 Rxh5 30. Bxh5+ Kg7 31. Qg4 Bc8 32. Qxg5+ fxg5 33. Rf1 Be6 34.
Rf2 Rb1 35. Rd2 Kf6 36. e5+ Kxe5 37. Re2+ Kf6 38. Rf2+ Ke5 39. Re2+ Kf6 40.
Rf2+ Kg7 41. Re2 Bf5 42. Rxe7+ Kf6 43. Rf7+ Ke5 44. Be2 Rb2 45. Kf3 Rxa2 46.
Ke3 a5 47. Re7+ Kf6 48. Ra7 a4 49. Ra6 Ke5 50. Ra5 Ra3 51. Ra6 Bd7 52. Ra7 Bc6
53. Bg4 Bg2 54. Re7+ Kf6 55. Re6+ Kf7 56. Rxd6 Ra1 57. Ra6 a3 58. Kf2 Bf1 59.
Ra7+ Kf6 60. Ra6+ Ke7 61. Ra7+ Kd6 62. Rd7+ Kc6 63. Ra7 Bxd3 64. Bf3+ Kd6 65.
Bd5 a2 66. Kg2 Ke5 67. Kh3 Bxc4 68. Bg2 Rb1 0-1

[Event "4. Torneo Puente Foral - Open A"]
[Site "Pamplona ESP"]
[Date "2009.12.01"]
[Round "1.3"]
[White "Sola Plaza, Gregorio"]
[Black "Zamarbide Inarrea, Daniel"]
[Result "0-1"]
[WhiteElo "2036"]
[BlackElo "2155"]
[PlyCount "128"]
[EventDate "2009.12.01"]
[EventType "swiss"]
[EventRounds "9"]
[EventCountry "ESP"]
[Source "lmi"]
[SourceDate "2009.12.01"]

1. d4 g6 2. Nf3 Bg7 3. g3 d6 4. Bg2 Nf6 5. O-O O-O 6. Nbd2 c5 7. dxc5 dxc5 8.
Nc4 Be6 9. Nce5 Ne4 10. c3 f6 11. Nd3 Nc6 12. Qa4 c4 13. Nf4 Bf7 14. Rd1 Qb8
15. Nd4 Nxd4 16. Bxe4 Nc6 17. Be3 f5 18. Bd5 Bxd5 19. Nxd5 b5 20. Qa6 Rc8 21.
Rd2 e6 22. Ne7+ Nxe7 23. Qxe6+ Kf8 24. Bf4 Qb7 25. Rd7 Qe4 26. Rxe7 Qxe6 27.
Rxe6 Kf7 28. Rd6 b4 29. Rd7+ Kg8 30. Rad1 bxc3 31. bxc3 Bxc3 32. Bh6 Bh8 33.
Rc1 c3 34. Rc2 Rab8 35. Bc1 Bf6 36. Kg2 a5 37. Be3 Rd8 38. Rxd8+ Rxd8 39. Bc1
Kf7 40. Kf3 Ke6 41. e4 fxe4+ 42. Kxe4 g5 43. Bxg5 Bxg5 44. Rxc3 Bd2 45. Rc2 Bb4
46. Ke3 Kf5 47. f3 h5 48. Rb2 Rc8 49. Ke2 Rc1 50. Kf2 Rc4 51. Ke2 Ke5 52. Kd3
Rc3+ 53. Ke2 Rc4 54. Kd3 Rd4+ 55. Ke2 a4 56. Rc2 Kd5 57. Ke3 Rc4 58. Rb2 a3 59.
Rb3 Kc5 60. f4 Rc2 61. f5 Rxa2 62. f6 Ra1 63. Kf2 Rd1 64. f7 Rd8 0-1

[Event "4. Torneo Puente Foral - Open A"]
[Site "Pamplona ESP"]
[Date "2009.12.01"]
[Round "1.4"]
[White "Saenz Narciso, Miguel Angel"]
[Black "Monje Peinado, Roberto"]
[Result "1/2-1/2"]
[WhiteElo "2138"]
[BlackElo "2022"]
[PlyCount "123"]
[EventDate "2009.12.01"]
[EventType "swiss"]
[EventRounds "9"]
[EventCountry "ESP"]
[Source "lmi"]
[SourceDate "2009.12.01"]

1. e4 c5 2. Nc3 Nc6 3. f4 d6 4. Nf3 g6 5. Bc4 Bg7 6. O-O e6 7. d3 Nge7 8. Qe1
O-O 9. f5 exf5 10. Bg5 fxe4 11. Qxe4 Bf5 12. Qh4 Qd7 13. Rae1 Be6 14. Bxe7 Qxe7
15. Qxe7 Nxe7 16. Bxe6 fxe6 17. Rxe6 Nf5 18. Nb5 Rae8 19. Rxe8 Rxe8 20. c3 a6
21. Nc7 Re2 22. Rf2 Re3 23. g4 Nh6 24. h3 Rxd3 25. Ng5 Re3 26. Nce6 b6 27. Rd2
Nf7 28. Nxf7 Rxe6 29. Nxd6 Bh6 30. Rd5 Re2 31. g5 Bf8 32. Nc4 b5 33. Ne5 Re4
34. Kf2 Rf4+ 35. Nf3 Be7 36. Ke3 Rf7 37. Ke4 Kf8 38. h4 Ke8 39. Ke3 Bf8 40. Ne5
Rf1 41. Ng4 Be7 42. Ne5 Rh1 43. Nf3 Rb1 44. Rd2 c4 45. Ke4 Rf1 46. Re2 Kd7 47.
Ne5+ Ke6 48. Nf3 Bc5 49. Kf4+ Kf7 50. Kg4 Rf2 51. Rxf2 Bxf2 52. Nd2 Ke6 53. Ne4
Be3 54. Nf6 h6 55. Ne4 hxg5 56. hxg5 Bc1 57. b3 Bb2 58. Nc5+ Ke7 59. Nxa6 Bxc3
60. Kf3 Bd2 61. bxc4 bxc4 62. Ke4 1/2-1/2

[Event "4. Torneo Puente Foral - Open A"]
[Site "Pamplona ESP"]
[Date "2009.12.01"]
[Round "1.5"]
[White "Hernandorena De La Cruz, Egoi"]
[Black "Mombiela Martinez, Gonzalo"]
[Result "0-1"]
[WhiteElo "2022"]
[BlackElo "2138"]
[PlyCount "60"]
[EventDate "2009.12.01"]
[EventType "swiss"]
[EventRounds "9"]
[EventCountry "ESP"]
[Source "lmi"]
[SourceDate "2009.12.01"]

1. e4 g6 2. Nc3 Bg7 3. Bc4 d6 4. f4 c5 5. Nf3 Nc6 6. d3 e6 7. O-O Nge7 8. Qe1
O-O 9. Bb3 Rb8 10. Nd1 d5 11. c3 b6 12. Nf2 dxe4 13. Qxe4 Bb7 14. Qe2 Nd5 15.
Ne4 Qc7 16. Nfg5 h6 17. Nh3 Rbd8 18. Bd2 Ba6 19. Rad1 Rfe8 20. Be1 f5 21. Nef2
Kh7 22. g4 Qd7 23. Qf3 b5 24. a3 b4 25. axb4 cxb4 26. Bc4 Bb7 27. d4 bxc3 28.
bxc3 Nxc3 29. Qxc3 Nxd4 30. Ba2 Ne2# 0-1

[Event "4. Torneo Puente Foral - Open A"]
[Site "Pamplona ESP"]
[Date "2009.12.01"]
[Round "1.6"]
[White "Lopez Orois, Jose Manuel"]
[Black "Cemborain Oricain, Alfonso"]
[Result "1-0"]
[WhiteElo "2122"]
[BlackElo "2012"]
[PlyCount "39"]
[EventDate "2009.12.01"]
[EventType "swiss"]
[EventRounds "9"]
[EventCountry "ESP"]
[Source "lmi"]
[SourceDate "2009.12.01"]

1. e4 c6 2. d4 d5 3. exd5 cxd5 4. c4 Nf6 5. Nc3 e6 6. Nf3 Bb4 7. Bd3 O-O 8. O-O
dxc4 9. Bxc4 a6 10. Bg5 Be7 11. Qe2 Nbd7 12. Rfe1 Nb6 13. Bb3 Nbd5 14. Rad1 h6
15. Nxd5 Nxd5 16. Bxd5 Bxg5 17. Bb3 Bf6 18. Qe4 g6 19. d5 Re8 20. dxe6 1-0

[Event "4. Torneo Puente Foral - Open A"]
[Site "Pamplona ESP"]
[Date "2009.12.01"]
[Round "1.7"]
[White "Aguinaga Ruiz, Jesus Luis"]
[Black "Berube, Antoine"]
[Result "0-1"]
[WhiteElo "2007"]
[BlackElo "2122"]
[PlyCount "86"]
[EventDate "2009.12.01"]
[EventType "swiss"]
[EventRounds "9"]
[EventCountry "ESP"]
[Source "lmi"]
[SourceDate "2009.12.01"]

1. d4 d5 2. Nf3 Nf6 3. Bf4 c5 4. e3 Nc6 5. c3 Qb6 6. Qb3 c4 7. Qxb6 axb6 8.
Nbd2 b5 9. Be2 Bf5 10. Ne5 Nxe5 11. Bxe5 Nd7 12. Bg3 e6 13. O-O Nb6 14. f3 Bg6
15. e4 Kd7 16. a3 Na4 17. Rab1 Bxa3 18. bxa3 Nxc3 19. Rbe1 Rxa3 20. Nb1 Nxe2+
21. Rxe2 Rd3 22. exd5 exd5 23. Rb2 Kc6 24. Bf2 Ra8 25. Rc1 Ra1 26. Kf1 Kb6 27.
Ke2 Rb3 28. Rxb3 cxb3 29. Kd2 b2 30. Re1 Bxb1 31. Kc3 b4+ 32. Kb3 Kb5 33. Bg3
Bf5 34. Kxb2 Rxe1 35. Bxe1 Kc4 36. Bf2 Kd3 37. g4 Ke2 38. Bg3 Bd7 39. Kb3 Kxf3
40. Kxb4 Kxg4 41. Kc5 Bc6 42. Kd6 f5 43. Ke5 g5 0-1

[Event "4. Torneo Puente Foral - Open A"]
[Site "Pamplona ESP"]
[Date "2009.12.01"]
[Round "1.8"]
[White "Fernandez Lozano, Francesc"]
[Black "Angeleri, Rodrigo Norberto"]
[Result "0-1"]
[WhiteElo "2109"]
[BlackElo "1919"]
[PlyCount "54"]
[EventDate "2009.12.01"]
[EventType "swiss"]
[EventRounds "9"]
[EventCountry "ESP"]
[Source "lmi"]
[SourceDate "2009.12.01"]

1. d4 Nf6 2. Bg5 Ne4 3. Bf4 c5 4. f3 Qa5+ 5. c3 Nf6 6. d5 Qb6 7. Bc1 d6 8. e4
g6 9. Qc2 Bg7 10. Be3 e6 11. c4 Nxd5 12. Bc1 Ne3 13. Qd2 Nxf1 14. Kxf1 Qa6 15.
Na3 Bd7 16. Ne2 O-O 17. g3 f5 18. Ke1 fxe4 19. fxe4 Qc6 20. Qd3 Na6 21. Nc2 Rf7
22. Rf1 Raf8 23. Rxf7 Rxf7 24. Rb1 e5 25. a3 Bh3 26. Ne3 Bh6 27. Nd5 Rf1# 0-1

[Event "4. Torneo Puente Foral - Open A"]
[Site "Pamplona ESP"]
[Date "2009.12.02"]
[Round "2.1"]
[White "Zamarbide Inarrea, Daniel"]
[Black "Berube, Antoine"]
[Result "1-0"]
[WhiteElo "2155"]
[BlackElo "2122"]
[PlyCount "87"]
[EventDate "2009.12.01"]
[EventType "swiss"]
[EventRounds "9"]
[EventCountry "ESP"]
[Source "lmi"]
[SourceDate "2009.12.01"]

1. e4 c5 2. Nf3 d6 3. d4 cxd4 4. Nxd4 Nf6 5. f3 Nc6 6. Nc3 e6 7. Be3 Be7 8. Qd2
a6 9. O-O-O O-O 10. g4 Nxd4 11. Bxd4 Nd7 12. f4 b5 13. Bg2 Bb7 14. h4 Qc7 15.
Kb1 Nc5 16. e5 b4 17. exd6 bxc3 18. dxc7 cxd2 19. Bxc5 Bxg2 20. Bxe7 Bxh1 21.
Bxf8 Bf3 22. Rxd2 Rxf8 23. Rd8 Bb7 24. b4 f5 25. gxf5 exf5 26. c4 Kf7 27. Rb8
Bc8 28. b5 Ke7 29. b6 Kd7 30. b7 Kxc7 31. Rxc8+ Rxc8 32. bxc8=Q+ Kxc8 33. Kc2
Kd7 34. Kc3 Kc6 35. Kd4 Kd6 36. h5 Kc6 37. c5 Kc7 38. Kd5 Kd7 39. c6+ Kc7 40.
Kc5 g6 41. hxg6 hxg6 42. Kd5 a5 43. a4 Kc8 44. Kd6 1-0

[Event "4. Torneo Puente Foral - Open A"]
[Site "Pamplona ESP"]
[Date "2009.12.02"]
[Round "2.2"]
[White "Mombiela Martinez, Gonzalo"]
[Black "Leranoz Zabalza, Adrian"]
[Result "0-1"]
[WhiteElo "2138"]
[BlackElo "2091"]
[PlyCount "80"]
[EventDate "2009.12.01"]
[EventType "swiss"]
[EventRounds "9"]
[EventCountry "ESP"]
[Source "lmi"]
[SourceDate "2009.12.01"]

1. d4 c5 2. d5 Nf6 3. c4 e6 4. Nc3 exd5 5. cxd5 Bd6 6. e4 Bc7 7. Nf3 d6 8. Be2
O-O 9. O-O a6 10. a4 Ba5 11. Qc2 Re8 12. Bg5 h6 13. Bxf6 Qxf6 14. Nd1 Qf4 15.
Bd3 Bg4 16. Ne1 Nd7 17. f3 Bh5 18. Be2 Bg6 19. b3 f5 20. Nd3 Qh4 21. g3 Qe7 22.
Nf4 fxe4 23. Nxg6 Qf6 24. Nf2 Qxg6 25. Nxe4 Nf6 26. Nxf6+ Qxf6 27. Kg2 Re3 28.
Bd3 Rae8 29. Rab1 Qd4 30. Bh7+ Kh8 31. Be4 Bc3 32. Rbd1 Qb4 33. Rd3 R8xe4 34.
Qxc3 Re2+ 35. Kh3 Qxc3 36. Rxc3 Rd4 37. Rb1 Rxd5 38. b4 b6 39. a5 b5 40. bxc5
dxc5 0-1

[Event "4. Torneo Puente Foral - Open A"]
[Site "Pamplona ESP"]
[Date "2009.12.02"]
[Round "2.3"]
[White "Corral Sierra, Javier"]
[Black "Lopez Orois, Jose Manuel"]
[Result "1-0"]
[WhiteElo "2072"]
[BlackElo "2122"]
[PlyCount "63"]
[EventDate "2009.12.01"]
[EventType "swiss"]
[EventRounds "9"]
[EventCountry "ESP"]
[Source "lmi"]
[SourceDate "2009.12.01"]

1. c4 Nf6 2. Nf3 e6 3. g3 d5 4. Bg2 c6 5. b3 b5 6. O-O bxc4 7. bxc4 Bd6 8. d4
O-O 9. Nbd2 Nbd7 10. Qc2 Rb8 11. Rd1 c5 12. e4 Nxe4 13. Nxe4 dxe4 14. Qxe4 Qc7
15. d5 Nf6 16. Qc2 exd5 17. cxd5 Bg4 18. Bb2 Bxf3 19. Bxf3 Nd7 20. Bg2 f6 21.
Be4 h6 22. Rac1 Rfe8 23. Bf5 Nf8 24. Ba3 Rb5 25. Rd3 g6 26. Bh3 f5 27. Rc3 Qa5
28. Bf1 Reb8 29. Bxb5 Rxb5 30. Bxc5 Be5 31. Ra3 Qd8 32. Rb3 1-0

[Event "4. Torneo Puente Foral - Open A"]
[Site "Pamplona ESP"]
[Date "2009.12.02"]
[Round "2.4"]
[White "Angeleri, Rodrigo Norberto"]
[Black "Saenz Narciso, Miguel Angel"]
[Result "1/2-1/2"]
[WhiteElo "1919"]
[BlackElo "2138"]
[PlyCount "62"]
[EventDate "2009.12.01"]
[EventType "swiss"]
[EventRounds "9"]
[EventCountry "ESP"]
[Source "lmi"]
[SourceDate "2009.12.01"]

1. e4 g6 2. d4 Bg7 3. Nc3 d6 4. Nf3 Nf6 5. Bd3 O-O 6. O-O c5 7. dxc5 dxc5 8.
Be3 Qa5 9. Qe2 Nc6 10. h3 Be6 11. Ng5 Bd7 12. f4 Nd4 13. Qf2 h6 14. Nf3 Nxf3+
15. Qxf3 Bc6 16. Qf2 c4 17. Bxc4 Nxe4 18. Nxe4 Bxe4 19. c3 e6 20. Rfd1 Qc7 21.
Bb3 b6 22. Rd2 Rfd8 23. Rad1 Rxd2 24. Qxd2 Qc6 25. Qe2 Rc8 26. Bd4 Rd8 27. Bxg7
Rxd1+ 28. Qxd1 Kxg7 29. Qd4+ Kh7 30. Ba4 b5 31. Qxa7 bxa4 1/2-1/2

[Event "4. Torneo Puente Foral - Open A"]
[Site "Pamplona ESP"]
[Date "2009.12.02"]
[Round "2.5"]
[White "Vinal Gutierrez, Pedro"]
[Black "Olazagoitia Rodriguez, Jose"]
[Result "0-1"]
[WhiteElo "2130"]
[BlackElo "2189"]
[PlyCount "90"]
[EventDate "2009.12.01"]
[EventType "swiss"]
[EventRounds "9"]
[EventCountry "ESP"]
[Source "lmi"]
[SourceDate "2009.12.01"]

1. e4 d6 2. f4 Nf6 3. Nc3 g6 4. Nf3 Bg7 5. Bc4 O-O 6. d3 a6 7. O-O b5 8. Bb3 c5
9. Qe1 Qc7 10. e5 Ng4 11. h3 c4 12. hxg4 cxb3 13. axb3 Bxg4 14. d4 Nc6 15. Be3
Bf5 16. Qf2 Nb4 17. Ne1 Rfc8 18. Rc1 e6 19. Qf3 Qc6 20. Kf2 h5 21. Bd2 Qb6 22.
Qe3 d5 23. Nd3 Nxd3+ 24. cxd3 Bf8 25. Rh1 a5 26. Ne2 b4 27. Ng3 Bg4 28. Ne2 Qa6
29. Rc5 Bxc5 30. dxc5 d4 31. Nxd4 Rxc5 32. f5 Qc8 33. f6 Qf8 34. Nf3 Rd8 35.
Rh4 Rc2 36. d4 Rxb2 37. Nh2 Rc8 38. Qg5 Rcc2 39. Nf1 Rxb3 40. Rxg4 hxg4 41. Ng3
Rd3 42. Ne4 Rxd4 43. Ke3 Rdxd2 44. Nxd2 Qc5+ 45. Ke2 Qc3 0-1

[Event "4. Torneo Puente Foral - Open A"]
[Site "Pamplona ESP"]
[Date "2009.12.02"]
[Round "2.6"]
[White "Monje Peinado, Roberto"]
[Black "Mundaca Alvarez, Juan Carlos"]
[Result "1/2-1/2"]
[WhiteElo "2022"]
[BlackElo "2157"]
[PlyCount "64"]
[EventDate "2009.12.01"]
[EventType "swiss"]
[EventRounds "9"]
[EventCountry "ESP"]
[Source "lmi"]
[SourceDate "2009.12.01"]

1. d4 Nf6 2. c4 c5 3. d5 b5 4. cxb5 a6 5. bxa6 g6 6. d6 Bxa6 7. Nc3 h6 8. Bf4
Nc6 9. Nf3 Bg7 10. Qd2 e6 11. g3 g5 12. Be3 Qa5 13. h3 Rb8 14. Bg2 Rxb2 15.
Qxb2 Ne4 16. O-O Nxc3 17. Kh2 O-O 18. Qd2 Qa4 19. Rac1 Nxe2 20. Rxc5 Rb8 21.
Qc2 Qxc2 22. Rxc2 Ned4 23. Nxd4 Nxd4 24. Bxd4 Bxf1 25. Bxg7 Bxg2 26. Bxh6 Be4
27. Re2 f5 28. Bxg5 Rb1 29. g4 Bf3 30. Re3 fxg4 31. hxg4 Bxg4 32. Rg3 Bf5
1/2-1/2

[Event "4. Torneo Puente Foral - Open A"]
[Site "Pamplona ESP"]
[Date "2009.12.02"]
[Round "2.7"]
[White "Rebole Arbea, Jose Ignacio"]
[Black "Hernandorena De La Cruz, Egoi"]
[Result "1-0"]
[WhiteElo "2236"]
[BlackElo "2022"]
[PlyCount "87"]
[EventDate "2009.12.01"]
[EventType "swiss"]
[EventRounds "9"]
[EventCountry "ESP"]
[Source "lmi"]
[SourceDate "2009.12.01"]

1. g3 e5 2. Bg2 Bc5 3. c4 d6 4. Nc3 Nc6 5. d3 Nge7 6. e3 Be6 7. Nge2 d5 8. cxd5
Nxd5 9. a3 Bb6 10. Na4 Qd7 11. b4 O-O-O 12. Nxb6+ Nxb6 13. Bb2 Bd5 14. e4 Be6
15. Rc1 Qxd3 16. Qxd3 Rxd3 17. b5 Na5 18. Bxe5 Nac4 19. Bxg7 Rg8 20. Nf4 Rxa3
21. Nxe6 fxe6 22. Bf6 Rb3 23. Bh3 Re8 24. O-O Rxb5 25. Rfd1 c6 26. Bf1 Rb4 27.
Rd4 e5 28. Rdxc4 Nxc4 29. Bxc4 Ra4 30. Bf7 Rf8 31. Be6+ Kc7 32. Bxe5+ Kb6 33.
Bf5 Ra2 34. Bxh7 a5 35. h4 c5 36. Bf5 Kc6 37. h5 b5 38. h6 b4 39. Bd4 b3 40.
Rxc5+ Kd6 41. e5+ Ke7 42. Rc7+ Ke8 43. Rc8+ Kf7 44. e6+ 1-0

[Event "4. Torneo Puente Foral - Open A"]
[Site "Pamplona ESP"]
[Date "2009.12.02"]
[Round "2.8"]
[White "Cemborain Oricain, Alfonso"]
[Black "Fernandez Lozano, Francesc"]
[Result "1/2-1/2"]
[WhiteElo "2012"]
[BlackElo "2109"]
[PlyCount "147"]
[EventDate "2009.12.01"]
[EventType "swiss"]
[EventRounds "9"]
[EventCountry "ESP"]
[Source "lmi"]
[SourceDate "2009.12.01"]

1. e4 d5 2. exd5 Qxd5 3. Nc3 Qa5 4. d4 Nf6 5. Nf3 c6 6. Bc4 Bf5 7. Bd2 e6 8.
O-O Bb4 9. Re1 O-O 10. h3 Nbd7 11. Nh4 Bg6 12. Nxg6 hxg6 13. a3 Bxc3 14. Bxc3
Qc7 15. Qf3 a5 16. g4 b5 17. Bd3 Qb6 18. b3 Rfc8 19. h4 Nd5 20. Bb2 Qd8 21. c4
bxc4 22. bxc4 Ne7 23. h5 Rab8 24. hxg6 Nxg6 25. Bxg6 fxg6 26. Rab1 Nf8 27. Bc3
Rxb1 28. Rxb1 Qc7 29. a4 Rd8 30. Kg2 Rd7 31. Rh1 Rf7 32. Qh3 Rf4 33. f3 Qb8 34.
Qh8+ Kf7 35. d5 e5 36. Re1 Qb3 37. Rc1 Qa2+ 38. Kg3 Qe2 39. Qh1 cxd5 40. cxd5
Rxa4 41. Re1 Qa2 42. Rxe5 Rc4 43. Qe1 Qa3 44. Bd2 a4 45. Bg5 Rc7 46. Qd2 Rd7
47. Qf4+ Kg8 48. Re8 Rf7 49. Qe4 Qd6+ 50. Kg2 Qd7 51. Ra8 Qd6 52. Rxa4 Nd7 53.
Ra8+ Kh7 54. Qe1 Nf8 55. Qe4 Rb7 56. Bf4 Qf6 57. d6 Rf7 58. Be5 Qe6 59. Qd4 Nd7
60. Bg3 Qe2+ 61. Qf2 Qd1 62. Ra7 Qd5 63. Ra1 Nf6 64. Kf1 Rd7 65. Re1 Kg8 66.
Re7 Qd1+ 67. Re1 Qd5 68. Rc1 Ne8 69. Rc8 Kf7 70. Qe2 Nxd6 71. Bxd6 Qxd6 72.
Qe8+ Kf6 73. Qf8+ Qxf8 74. Rxf8+ 1/2-1/2

[Event "4. Torneo Puente Foral - Open A"]
[Site "Pamplona ESP"]
[Date "2009.12.02"]
[Round "2.9"]
[White "Aguinaga Ruiz, Jesus Luis"]
[Black "Sola Plaza, Gregorio"]
[Result "0-1"]
[WhiteElo "2007"]
[BlackElo "2036"]
[PlyCount "120"]
[EventDate "2009.12.01"]
[EventType "swiss"]
[EventRounds "9"]
[EventCountry "ESP"]
[Source "lmi"]
[SourceDate "2009.12.01"]

1. f4 d5 2. Nf3 Bg4 3. e3 Nf6 4. Be2 e6 5. d3 Nbd7 6. O-O c6 7. Nc3 Be7 8. e4
dxe4 9. dxe4 Qb6+ 10. Kh1 Rd8 11. Qe1 O-O 12. h3 Bxf3 13. Bxf3 Nc5 14. b3 Rd7
15. Be3 Qc7 16. Qf2 b6 17. e5 Nd5 18. Nxd5 cxd5 19. Rfd1 Nb7 20. Qd2 Bc5 21.
Bxc5 Nxc5 22. Rac1 Rfd8 23. Qd4 g6 24. c3 Qc8 25. Kh2 Qa6 26. Rc2 Qc8 27. Rcd2
b5 28. Qb4 a6 29. Qd4 Rf8 30. h4 Rc7 31. Rc2 Qd8 32. g3 Qe7 33. Re1 Rfc8 34.
Rec1 Nd7 35. Qd3 Qc5 36. h5 Kg7 37. Kg2 f6 38. exf6+ Nxf6 39. hxg6 hxg6 40. Re1
Re8 41. g4 Nd7 42. Bxd5 Qd6 43. Qf3 Nb6 44. Be4 Rf8 45. Rf2 Rcf7 46. f5 exf5
47. gxf5 gxf5 48. Bc2 Rf6 49. Rd1 Qe5 50. Kf1 Rg6 51. Re1 Qc5 52. Rd1 Rf7 53.
Bxf5 Rg5 54. Qh3 Rfxf5 55. Rdd2 Qe5 56. Rde2 Rxf2+ 57. Rxf2 Rg3 58. Qh4 Rg6 59.
Re2 Qf6+ 60. Ke1 Rg1+ 0-1

[Event "4. Torneo Puente Foral - Open A"]
[Site "Pamplona ESP"]
[Date "2009.12.03"]
[Round "3.1"]
[White "Leranoz Zabalza, Adrian"]
[Black "Zamarbide Inarrea, Daniel"]
[Result "1-0"]
[WhiteElo "2091"]
[BlackElo "2155"]
[PlyCount "131"]
[EventDate "2009.12.01"]
[EventType "swiss"]
[EventRounds "9"]
[EventCountry "ESP"]
[Source "lmi"]
[SourceDate "2009.12.01"]

1. e4 c5 2. Nf3 d6 3. d4 cxd4 4. Nxd4 Nf6 5. Nc3 Nc6 6. Bc4 Bd7 7. Bb3 g6 8.
Be3 Bg7 9. f3 O-O 10. Qd2 Nxd4 11. Bxd4 Qa5 12. O-O-O Rfc8 13. h4 Be6 14. Kb1
Rc6 15. h5 Bxb3 16. cxb3 e5 17. Be3 Nxh5 18. Bh6 Qd8 19. Bxg7 Kxg7 20. Nd5 Rac8
21. g4 Rc2 22. Qe3 Nf4 23. Nxf4 exf4 24. Qxf4 g5 25. Qf5 h6 26. Rxh6 Rc1+ 27.
Rxc1 Rxc1+ 28. Kxc1 Qc7+ 29. Kb1 Kxh6 30. Qf6+ Kh7 31. Qxg5 Qb6 32. Qc1 Qd4 33.
Qh1+ Kg8 34. a3 Qd3+ 35. Ka2 a5 36. g5 d5 37. exd5 Qxd5 38. Qh3 Qxg5 39. Qc8+
Kg7 40. Qxb7 Qc5 41. a4 Qd4 42. Qc7 Qd5 43. Qc3+ Kg6 44. Ka3 f5 45. b4 Qd6 46.
b3 Kg5 47. Qc5 axb4+ 48. Qxb4 Qd3 49. f4+ Kg4 50. a5 Qf1 51. Qd4 Qc1+ 52. Kb4
Qe1+ 53. Ka4 Qe2 54. b4 Qc2+ 55. Kb5 Qe2+ 56. Qc4 Qe8+ 57. Qc6 Qb8+ 58. Kc5
Qf8+ 59. Qd6 Qe8 60. a6 Qe3+ 61. Kc6 Qe4+ 62. Kc7 Qc4+ 63. Kb6 Qe4 64. b5 Qe3+
65. Kb7 Qe4+ 66. Ka7 1-0

[Event "4. Torneo Puente Foral - Open A"]
[Site "Pamplona ESP"]
[Date "2009.12.03"]
[Round "3.2"]
[White "Olazagoitia Rodriguez, Jose"]
[Black "Angeleri, Rodrigo Norberto"]
[Result "1-0"]
[WhiteElo "2189"]
[BlackElo "1919"]
[PlyCount "75"]
[EventDate "2009.12.01"]
[EventType "swiss"]
[EventRounds "9"]
[EventCountry "ESP"]
[Source "lmi"]
[SourceDate "2009.12.01"]

1. e4 c5 2. Nf3 d6 3. c3 Nf6 4. h3 Nbd7 5. Bd3 b6 6. O-O Bb7 7. Re1 Qc7 8. Bc2
Rc8 9. Na3 e6 10. d4 a6 11. Bf4 Be7 12. Bh2 b5 13. Rc1 O-O 14. Nb1 Qc6 15. Nbd2
Rfe8 16. e5 dxe5 17. dxe5 Nd5 18. Ne4 Rcd8 19. Qe2 Nf8 20. b3 Ng6 21. c4 Nb4
22. Bb1 bxc4 23. bxc4 a5 24. a3 Na6 25. h4 h6 26. Bg3 Qc8 27. h5 Nf8 28. Qe3
Nb8 29. Bf4 Nbd7 30. Bxh6 gxh6 31. Qxh6 Bxe4 32. Rxe4 f5 33. exf6 Nxf6 34. Qg5+
Kh8 35. h6 Ng6 36. Ne5 Rg8 37. Nxg6+ Kh7 38. Rf4 1-0

[Event "4. Torneo Puente Foral - Open A"]
[Site "Pamplona ESP"]
[Date "2009.12.03"]
[Round "3.3"]
[White "Berube, Antoine"]
[Black "Rebole Arbea, Jose Ignacio"]
[Result "1/2-1/2"]
[WhiteElo "2122"]
[BlackElo "2236"]
[PlyCount "154"]
[EventDate "2009.12.01"]
[EventType "swiss"]
[EventRounds "9"]
[EventCountry "ESP"]
[Source "lmi"]
[SourceDate "2009.12.01"]

1. d4 f5 2. c4 Nf6 3. Nc3 g6 4. h4 Bg7 5. h5 Nxh5 6. e4 Nf6 7. e5 Ne4 8. Nxe4
fxe4 9. Qg4 d5 10. e6 O-O 11. Nh3 Nc6 12. Be3 Qd6 13. O-O-O Qxe6 14. Qxe6+ Bxe6
15. Ng5 Bg4 16. cxd5 Nb4 17. Bc4 b5 18. Bb3 Bxd1 19. Kxd1 Rf5 20. d6+ Nd5 21.
Ne6 c6 22. Nc7 Rc8 23. dxe7 Kf7 24. e8=Q+ Rxe8 25. Nxe8 Kxe8 26. Rxh7 Kf8 27.
Rh4 Nxe3+ 28. fxe3 Rf2 29. Rxe4 Rxg2 30. Re6 Bh6 31. Rxc6 Bxe3 32. d5 g5 33.
Rf6+ Kg7 34. Re6 Bb6 35. d6 Rg4 36. Ke2 Rd4 37. Kf3 Bc5 38. Re5 Bxd6 39. Rxg5+
Kf6 40. Rxb5 Rd2 41. Bc4 Be5 42. b4 Rd4 43. Bb3 Bd6 44. Rb7 Rf4+ 45. Ke2 Rxb4
46. Rxa7 Rd4 47. Ra8 Ke7 48. Ke3 Bc5 49. Rc8 Kd6 50. Rd8+ Ke5 51. Re8+ Kd6 52.
Re6+ Kd7 53. Ke2 Kc7 54. Rg6 Rd6 55. Rg5 Kc6 56. Bc2 Re6+ 57. Kd3 Rd6+ 58. Kc3
Kb6 59. Bd3 Bb4+ 60. Kc4 Bc5 61. Rh5 Rd4+ 62. Kc3 Rd6 63. Rh7 Rd4 64. Bc4 Rg4
65. Rh6+ Kc7 66. Kb3 Bd6 67. Rh5 Rf4 68. Rd5 Kc6 69. Rd3 Rg4 70. Bd5+ Kc5 71.
Bf3 Rb4+ 72. Kc2 Rc4+ 73. Kb3 Rb4+ 74. Ka3 Rd4 75. Rc3+ Rc4 76. Rb3 Kd4+ 77.
Kb2 Rb4 1/2-1/2

[Event "4. Torneo Puente Foral - Open A"]
[Site "Pamplona ESP"]
[Date "2009.12.03"]
[Round "3.4"]
[White "Saenz Narciso, Miguel Angel"]
[Black "Mombiela Martinez, Gonzalo"]
[Result "0-1"]
[WhiteElo "2138"]
[BlackElo "2138"]
[PlyCount "64"]
[EventDate "2009.12.01"]
[EventType "swiss"]
[EventRounds "9"]
[EventCountry "ESP"]
[Source "lmi"]
[SourceDate "2009.12.01"]

1. e4 g6 2. d4 Bg7 3. Nc3 c6 4. Be3 d5 5. f3 dxe4 6. fxe4 Nf6 7. Nf3 O-O 8. Qd2
Ng4 9. Bg5 Qc7 10. O-O-O b5 11. h3 Nf6 12. e5 b4 13. exf6 bxc3 14. Qxc3 exf6
15. Be3 Qb7 16. Bc4 Nd7 17. d5 c5 18. Qb3 Qc7 19. d6 Qd8 20. Qd3 Rb8 21. Bd2
Nb6 22. Bc3 Bf5 23. Qf1 Na4 24. Qe1 Bh6+ 25. Bd2 Rxb2 26. Bb3 Bxd2+ 27. Nxd2
Qxd6 28. Nc4 Qf4+ 29. Qd2 Rxc2+ 30. Bxc2 Qxc4 31. Rhf1 Qxa2 32. Bxf5 Qa3+ 0-1